The Principles of Jivanmukti in Sankara's Philosophy: Insights for an Indian Christian Spirituality (Record no. 23728)
[ view plain ]
| 000 -LEADER | |
|---|---|
| fixed length control field | 00482nam a22001577a 4500 |
| 005 - DATE AND TIME OF LATEST TRANSACTION | |
| control field | 20260520130320.0 |
| 008 - FIXED-LENGTH DATA ELEMENTS--GENERAL INFORMATION | |
| fixed length control field | 260520b |||||||| |||| 00| 0 eng d |
| 040 ## - CATALOGING SOURCE | |
| Transcribing agency | XYZ |
| 082 ## - DEWEY DECIMAL CLASSIFICATION NUMBER | |
| Classification number | 181.482 |
| Item number | SAM |
| 100 ## - MAIN ENTRY--PERSONAL NAME | |
| Personal name | Samantaroy Pulak |
| 245 ## - TITLE STATEMENT | |
| Title | The Principles of Jivanmukti in Sankara's Philosophy: Insights for an Indian Christian Spirituality |
| 260 ## - PUBLICATION, DISTRIBUTION, ETC. | |
| Place of publication, distribution, etc. | New Delhi |
| Name of publisher, distributor, etc. | ISPCK |
| Date of publication, distribution, etc. | 2026 |
| 300 ## - PHYSICAL DESCRIPTION | |
| Extent | 224 |
| 650 ## - SUBJECT ADDED ENTRY--TOPICAL TERM | |
| Source of heading or term | Advaita Vedānta in relation to Christianity |
| 942 ## - ADDED ENTRY ELEMENTS (KOHA) | |
| Source of classification or shelving scheme | Dewey Decimal Classification |
| Koha item type | Books |
| Suppress in OPAC | No |
| Withdrawn status | Lost status | Source of classification or shelving scheme | Damaged status | Not for loan | Home library | Current library | Shelving location | Date acquired | Source of acquisition | Cost, normal purchase price | Total checkouts | Full call number | Barcode | Date last seen | Price effective from | Koha item type |
|---|---|---|---|---|---|---|---|---|---|---|---|---|---|---|---|---|
| Dewey Decimal Classification | Henry Martyn Institute Library | Henry Martyn Institute Library | General stacks | 05/20/2026 | Director | 450.00 | 181.482 SAM | 11004964 | 05/20/2026 | 05/20/2026 | Books |
